Logo BPK

Biblioteka

Politechniki Koszalińskiej

New ways in teaching reading / (Rekord nr 48128)

Szczegóły MARC
000 -ETYKIETA REKORDU
podpole kontrolne o stałej długości 00866nam a2200229 i 4500
001 - NUMER KONTROLNY REKORDU
pole kontrolne bgj
020 ## - MIĘDZYNARODOWY ZNORMALIZOWANY NUMER KSIĄŻKI - ISBN
ISBN 0939791455 (pbk)
040 ## - ŹRÓDŁO KATALOGOWANIA
Instytucja, która utworzyła rekord BPK
041 0# - KOD JĘZYKA
Kod języka tekstu eng
920 ## - Międzynarodowy znormalizowany numer książki – ISBN
ISBN 0-939791-45-5 (pbk)
008 - POLE O STAŁEJ DŁUGOŚCI - DANE KONTROLNE
podpole kontrolne o stałej długości s uk f |000 0 eng
245 00 - TYTUŁ/ODPOWIEDZIALNOŚĆ
Tytuł New ways in teaching reading /
Pozostałe elementy strefy tytułu i oznaczenia odpowiedzialności Richard R. Day, ed.
260 ## - STREFA ADRESU WYDAWNICZEGO
Miejsce wydania Alexandria, Va :
Nazwa wydawcy/dystrybutora Teachers of English to Speakers of Other Language,
Data publikacji, dystrybucji/powstania dokumentu cop. 1993.
300 ## - STREFA OPISU FIZYCZNEGO
Objętość XVIII, 282 pp :
Inne cechy fizyczne fig. ;
Rozmiary 21 cm.
490 1# - STREFA SERII I DOKUMENTU WIELOCZĘŚCIOWEGO - FORMA NIE DO WYSZUKIWANIA
Tytuł i oznaczenie odpowiedzialności serii New ways in TESOL series / Jack C. Richards, series ed.. Innovative classroom techniques
650 #9 - HASŁO PRZEDMIOTOWE W FORMIE NAZWY OGÓLNEJ LUB JEDNOSTKOWEJ
Nazwa ogólna lub geograficzna English language
Określnik ogólny Study and teaching
-- Foreign speakers
650 #9 - HASŁO PRZEDMIOTOWE W FORMIE NAZWY OGÓLNEJ LUB JEDNOSTKOWEJ
Nazwa ogólna lub geograficzna Reading
650 #9 - HASŁO PRZEDMIOTOWE W FORMIE NAZWY OGÓLNEJ LUB JEDNOSTKOWEJ
Nazwa ogólna lub geograficzna Activity programmes in education
Określnik ogólny Reading
700 1# - HASŁO DODATKOWE - NAZWA OSOBOWA
Nazwa osobowa DAY, Richard R.
Określenie związku między hasłem a opisywanym materiałem ed.
830 #0 - HASŁO DODATKOWE SERII LUB DOKUMENTU WIELOCZĘŚCIOWEGO - TYTUŁ UJEDNOLICONY
Tytuł ujednolicony New ways in TESOL series (Jack C. Richards, series ed.).
Nazwa części/sekcji dzieła Innovative classroom techniques
856 ## - LOKALIZACJA I DOSTĘP DO ELEKTRONICZNYCH DOKUMENTÓW ZDALNYCH
Link (URL) http://koha.tu.koszalin.pl/cgi-bin/koha/opac-detail.pl?biblionumber=48128
Tekst linku Katalog online BPK
942 ## - DODATKOWE ELEMENTY (KOHA)
Typ dokumentu Książka
Egzemplarze
Wycofany Status egzemplarza Uszkodzony Dostępność Lokalizacja stała Lokalizacja bieżąca Miejsce przechowywania Sygnatura Kod kreskowy Typ dokumentu
      Tylko na miejscu Biblioteka Politechniki Koszalińskiej Biblioteka Politechniki Koszalińskiej Czytelnia Wydziałowa ul. Kwiatkowskiego 6e KA 5270 09003293 Książka
© 2023 Biblioteka Politechniki Koszalińskiej :: KOHA